=LDR 00000nam 2200000 4500 =001 INLIS000000000032602 =005 20130612134612 =008 ***********************************ind** =035 ##$$0010-061300000032602 =041 ##$$a ind =082 ##$$a 028.55 =090 ##$$a 028.55, Nel,h =100 ##$$a Nelfiah,Hasna =245 ##$$a Hewan di Padang Rumput Memggabung Titik-Titik, Hasna Nelfia;Editor,Syerip Nurhakim =260 ##$$a 2009 $b Jakarta =300 ##$$a 32 hlm., Illus, 28cm =650 ##$$a Bacaan Anak-Anak =700 ##$$a Nurhakim, Syerip =850 ##$$a NBPNMAT